[Event "Hastings Masters 2011-12"]
[Site "Hastings ENG"]
[Date "2011.12.29"]
[Round "2.41"]
[White "Kewes, Gerd"]
[Black "Canonne, Antoine"]
[Result "1/2-1/2"]
[WhiteElo "2222"]
[BlackElo "2023"]
[PlyCount "42"]
[EventDate "2011.12.28"]

1. e4 c5 2. Nf3 e6 3. d4 cxd4 4. Nxd4 Bc5 5. Nb3 Bb6 6. Nc3 Ne7 7. Bf4 O-O 8.
Bd6 f5 9. Be2 Nbc6 10. Qd2 Rf7 11. O-O fxe4 12. Nxe4 Nf5 13. Rad1 Qh4 14. Bf3
Nfd4 15. Nxd4 Nxd4 16. Bg3 Nxf3+ 17. gxf3 Qh5 18. Nd6 Rxf3 19. Nxc8 Rxc8 20.
Qxd7 Rxc2 21. Qxe6+ Qf7 1/2-1/2

[Event "Hastings Masters 2011-12"]
[Site "Hastings ENG"]
[Date "2011.12.29"]
[Round "2.42"]
[White "Wallis, Ian J"]
[Black "Briscoe, Chris"]
[Result "1-0"]
[WhiteElo "2003"]
[BlackElo "2220"]
[PlyCount "81"]
[EventDate "2011.12.28"]

1. e4 c5 2. Nf3 d6 3. d4 cxd4 4. Nxd4 Nf6 5. Nc3 a6 6. Bg5 e6 7. f4 Be7 8. Qf3
Nbd7 9. O-O-O Qc7 10. g4 h6 11. Bxf6 Nxf6 12. g5 Ng8 13. g6 fxg6 14. Bh3 Nf6
15. Nxe6 Qa5 16. e5 dxe5 17. fxe5 Qxe5 18. Rhe1 Qa5 19. Nd5 Bxe6 20. Nxf6+ gxf6
21. Rxe6 Rh7 22. Qxb7 Rd8 23. Rxd8+ Qxd8 24. Rxa6 f5 25. Qc6+ Qd7 26. Qxg6+ Rf7
27. Qxh6 Qd4 28. c3 Qg1+ 29. Kc2 Qxh2+ 30. Kb3 Qe5 31. Bf1 Qd5+ 32. Kc2 Qe4+
33. Bd3 Qg2+ 34. Qd2 Qd5 35. Qe2 Qc5 36. Ra8+ Kd7 37. b4 Qb6 38. Qe5 f4 39.
Bf5+ Kc6 40. Rc8+ Kb7 41. Rb8+ 1-0

[Event "Hastings Masters 2011-12"]
[Site "Hastings ENG"]
[Date "2011.12.29"]
[Round "2.43"]
[White "Surendran, N."]
[Black "Calvert, D Ian"]
[Result "1/2-1/2"]
[WhiteElo "2207"]
[BlackElo "1947"]
[PlyCount "83"]
[EventDate "2011.12.28"]

1. d4 d5 2. c4 c6 3. e3 Nf6 4. Nc3 g6 5. Nf3 Bg7 6. Be2 O-O 7. O-O dxc4 8. Bxc4
Bg4 9. h3 Bxf3 10. Qxf3 Nbd7 11. Rd1 e5 12. Bb3 Qe7 13. a3 Rad8 14. Bc2 Rfe8
15. Qe2 exd4 16. Rxd4 Nc5 17. Rxd8 Rxd8 18. f3 Nd5 19. Ne4 Nxe4 20. Bxe4 f5 21.
Bd3 Re8 22. Bc4 Bd4 23. Qd3 Bxe3+ 24. Bxe3 Qxe3+ 25. Qxe3 Rxe3 26. Rd1 Kf8 27.
Bxd5 cxd5 28. Rxd5 Re2 29. b4 Ra2 30. Rd8+ Kg7 31. Rd7+ Kh6 32. Rxb7 Rxa3 33.
b5 a5 34. bxa6 Rxa6 35. Rf7 Ra3 36. h4 Ra4 37. g3 Ra2 38. Kf1 Rb2 39. Re7 Ra2
40. g4 fxg4 41. fxg4 g5 42. hxg5+ 1/2-1/2

[Event "Hastings Masters 2011-12"]
[Site "Hastings ENG"]
[Date "2011.12.29"]
[Round "2.45"]
[White "Anderson, John"]
[Black "Arias Castanedo, Jacinto"]
[Result "1-0"]
[WhiteElo "2202"]
[BlackElo "1941"]
[PlyCount "84"]
[EventDate "2011.12.28"]

1. e4 c6 2. d4 d5 3. exd5 cxd5 4. c4 Nf6 5. Nc3 e6 6. Nf3 Be7 7. cxd5 Nxd5 8.
Bc4 O-O 9. O-O Nc6 10. Re1 Bf6 11. Ne4 a6 12. a3 b5 13. Ba2 Bb7 14. Qd3 Be7 15.
Bb1 g6 16. Bh6 Re8 17. Ba2 Qb6 18. Rad1 Rad8 19. h4 Nf6 20. Neg5 Ng4 21. Nxf7
Nxh6 22. Nxh6+ Kg7 23. Ng4 Bf6 24. Nxf6 Kxf6 25. d5 b4 26. h5 exd5 27. hxg6
hxg6 28. Bb1 Rxe1+ 29. Rxe1 Ne7 30. Nd4 Bc8 31. Qf3+ Nf5 32. Nxf5 gxf5 33. Qf4
Qd6 34. Qh4+ Kf7 35. Qh7+ Kf6 36. Qh6+ Kf7 37. Qh7+ Kf6 38. Re3 Qf8 39. Qh4+
Kf7 40. Qg5 Rd6 41. Bxf5 Bxf5 42. Qxf5+ Rf6 1-0

[Event "Hastings Masters 2011-12"]
[Site "Hastings ENG"]
[Date "2011.12.29"]
[Round "2.46"]
[White "Hoare, Amy B"]
[Black "Grant, Alan G"]
[Result "1/2-1/2"]
[WhiteElo "1930"]
[BlackElo "2186"]
[PlyCount "64"]
[EventDate "2011.12.28"]

1. e4 c6 2. c4 d5 3. cxd5 cxd5 4. exd5 Nf6 5. Nc3 Nxd5 6. Nf3 Nc6 7. Bb5 e6 8.
O-O Be7 9. Re1 O-O 10. d4 Nf6 11. Be3 a6 12. Bd3 Bd7 13. Rc1 Rc8 14. a3 Qa5 15.
Qb3 b5 16. Ne4 Nxe4 17. Bxe4 Bf6 18. Red1 Ne7 19. Qd3 h6 20. Ne5 Rxc1 21. Rxc1
Qd8 22. Rc5 Bxe5 23. dxe5 Bc6 24. h3 Bxe4 25. Qxe4 Qd7 26. Qc2 Nd5 27. Bd2 Nb6
28. Bb4 Rc8 29. Rxc8+ Nxc8 30. Bc5 Qc7 31. Qc3 Nb6 32. Bxb6 Qxb6 1/2-1/2

[Event "Hastings Masters 2011-12"]
[Site "Hastings ENG"]
[Date "2011.12.29"]
[Round "2.47"]
[White "O'Toole, George E"]
[Black "Clayton, Tristan"]
[Result "1/2-1/2"]
[WhiteElo "2189"]
[BlackElo "1812"]
[PlyCount "64"]
[EventDate "2011.12.28"]

1. e4 c6 2. c4 d5 3. exd5 cxd5 4. cxd5 Nf6 5. Nc3 Nxd5 6. Bc4 e6 7. Nf3 Nxc3 8.
bxc3 Bd6 9. O-O O-O 10. d4 Qc7 11. Bd3 Nd7 12. c4 b6 13. Bb2 Bb7 14. d5 Ne5 15.
Nxe5 Bxe5 16. Qh5 f5 17. Bxe5 Qxe5 18. Rae1 Qd4 19. Re3 Rf6 20. dxe6 Rg6 21.
Rg3 Qxd3 22. Rxd3 Rxg2+ 23. Kh1 Rg5+ 24. Qf3 Bxf3+ 25. Rxf3 Re8 26. Re1 Rg6 27.
e7 Rc6 28. Rxf5 Rxc4 29. Re3 Rc7 30. Rfe5 Kf7 31. Rf3+ Kg8 32. Rfe3 Kf7 1/2-1/2

[Event "Hastings Masters 2011-12"]
[Site "Hastings ENG"]
[Date "2011.12.29"]
[Round "2.51"]
[White "Armstrong, Malcolm J"]
[Black "Kalairajah, Shyam"]
[Result "1-0"]
[WhiteElo "2016"]
[BlackElo "1830"]
[PlyCount "61"]
[EventDate "2011.12.28"]

1. d4 d5 2. Nf3 Nf6 3. e3 e6 4. Bd3 Be7 5. Nbd2 c5 6. b3 a6 7. O-O O-O 8. dxc5
Bxc5 9. Bb2 Nc6 10. a3 b5 11. Qe2 Bb7 12. Rad1 Ne7 13. b4 Bd6 14. e4 Nxe4 15.
Bxe4 dxe4 16. Nxe4 Bxe4 17. Qxe4 Qc7 18. Bxg7 Bxh2+ 19. Nxh2 Kxg7 20. Qd4+ e5
21. Qg4+ Ng6 22. Qf5 Rfd8 23. Ng4 Qe7 24. Rfe1 Rac8 25. g3 Qe6 26. Qxe6 fxe6
27. Rxd8 Rxd8 28. Nxe5 Ne7 29. Nd3 Kf6 30. Nc5 Rd6 31. Ne4+ 1-0

[Event "Hastings Masters 2011-12"]
[Site "Hastings ENG"]
[Date "2011.12.29"]
[Round "2.53"]
[White "Flynn, David"]
[Black "Macrae, James S"]
[Result "1-0"]
[WhiteElo "1978"]
[BlackElo "1740"]
[PlyCount "103"]
[EventDate "2011.12.28"]

1. e4 Nc6 2. Nf3 d6 3. d4 Nf6 4. Nc3 a6 5. h3 e6 6. a3 Be7 7. Be2 O-O 8. O-O d5
9. e5 Ne4 10. Qd3 f5 11. exf6 Nxf6 12. Re1 Bd6 13. Bg5 Qe7 14. Bf1 Qf7 15. Rad1
Bd7 16. Qe2 Qg6 17. Qd2 Nh5 18. Bd3 Qf7 19. Ne5 Nxe5 20. dxe5 Bc5 21. Bh4 Nf4
22. Rb1 Nxd3 23. cxd3 Qh5 24. d4 Qxh4 25. dxc5 Rf5 26. Nxd5 Rc8 27. Ne3 Rf7 28.
Rbd1 Rcf8 29. f3 Qg3 30. Qf2 Qxe5 31. Nd5 Qf5 32. Nc3 Bc6 33. Kh1 Rf6 34. b4
Rh6 35. Qg3 Qf7 36. Kh2 Rg6 37. Qe5 Bxf3 38. gxf3 Qxf3 39. Re2 Rh6 40. Qg3 Qf5
41. Ne4 Rg6 42. Qc3 e5 43. Ng3 Qf4 44. Rg1 Re8 45. Qe3 Qf6 46. Ne4 Qe6 47. Rxg6
Qxg6 48. Rg2 Qf7 49. Qg5 Re6 50. Qd8+ Re8 51. Nf6+ Qxf6 52. Qxf6 1-0

[Event "Hastings Masters 2011-12"]
[Site "Hastings ENG"]
[Date "2011.12.29"]
[Round "2.56"]
[White "Rajesh, Gorak"]
[Black "Bourached, Anthony"]
[Result "0-1"]
[WhiteElo "1401"]
[BlackElo "1895"]
[PlyCount "56"]
[EventDate "2011.12.28"]

1. e4 c5 2. Nf3 d6 3. d4 cxd4 4. Bb5+ Bd7 5. Bxd7+ Nxd7 6. c3 Ngf6 7. Qxd4 e5
8. Qa4 Be7 9. Be3 O-O 10. Nbd2 d5 11. O-O Qc7 12. Rac1 h6 13. h3 Bc5 14. Qc2
Rfe8 15. Rfe1 Bxe3 16. fxe3 Nc5 17. exd5 e4 18. Nd4 Nxd5 19. Rb1 Qg3 20. Nf1
Qg6 21. a3 Rac8 22. c4 Ne7 23. b4 Nd3 24. Re2 Nf5 25. c5 Nxd4 26. exd4 Rcd8 27.
Qa4 Nf4 28. Reb2 e3 0-1

[Event "Hastings Masters 2011-12"]
[Site "Hastings ENG"]
[Date "2011.12.29"]
[Round "2.57"]
[White "O Grady, Gary P"]
[Black "Reuben, Stewart"]
[Result "1/2-1/2"]
[WhiteElo "1880"]
[BlackElo "2137"]
[PlyCount "43"]
[EventDate "2011.12.28"]

1. e4 c5 2. Nf3 g6 3. d4 Bg7 4. Nc3 Nc6 5. Be3 cxd4 6. Nxd4 Nf6 7. f3 O-O 8.
Qd2 d5 9. Nxc6 bxc6 10. O-O-O Qa5 11. Kb1 dxe4 12. Nxe4 Qxd2 13. Nxf6+ Bxf6 14.
Rxd2 Rb8 15. b3 a5 16. a4 Be6 17. Kc1 c5 18. Bf4 Rb7 19. Ba6 Ra7 20. Bb5 Bd4
21. Re2 Rc8 22. c4 1/2-1/2

[Event "Hastings Masters 2011-12"]
[Site "Hastings ENG"]
[Date "2011.12.30"]
[Round "3.2"]
[White "Howell, David W L"]
[Black "Hebden, Mark L"]
[Result "1-0"]
[WhiteElo "2633"]
[BlackElo "2515"]
[PlyCount "65"]
[EventDate "2011.12.28"]

1. e4 e5 2. Nf3 Nc6 3. d4 exd4 4. Nxd4 Nf6 5. Nxc6 bxc6 6. e5 Qe7 7. Qe2 Nd5 8.
c4 Nb6 9. Nc3 a5 10. f4 Qe6 11. Be3 Bb4 12. O-O-O Bxc3 13. bxc3 c5 14. Bxc5 Rb8
15. Ba3 Qf5 16. Rd4 c5 17. g4 Qe6 18. Rd6 Qe7 19. Qb2 Qd8 20. Bxc5 Na4 21. Qxb8
Nxc5 22. Qb6 Qxb6 23. Rxb6 h5 24. Rb5 Ne4 25. g5 Nxc3 26. Rxa5 Bb7 27. Rg1 Ke7
28. Kd2 Ne4+ 29. Ke3 Rc8 30. f5 g6 31. f6+ Kd8 32. h4 Nc5 33. Bh3 1-0

[Event "Hastings Masters 2011-12"]
[Site "Hastings ENG"]
[Date "2011.12.30"]
[Round "3.3"]
[White "Lalith, Babu M.R"]
[Black "Istratescu, Andrei"]
[Result "0-1"]
[WhiteElo "2484"]
[BlackElo "2627"]
[PlyCount "52"]
[EventDate "2011.12.28"]

1. Nf3 c5 2. c4 Nc6 3. d4 cxd4 4. Nxd4 Nf6 5. g3 e5 6. Nb5 Bb4+ 7. Bd2 a6 8.
N5c3 d5 9. cxd5 Nxd5 10. Bg2 Be6 11. O-O Nb6 12. Na4 Be7 13. Nxb6 Qxb6 14. Nc3
Rd8 15. Qc1 O-O 16. Be3 Nd4 17. Rd1 Rd7 18. b3 Rc8 19. Bxd4 Rxd4 20. Qb2 Qa5
21. Rxd4 exd4 22. Ne4 f5 23. Nd2 Qc3 24. Rb1 Qxb2 25. Rxb2 Rc1+ 26. Nf1 Bb4 0-1

[Event "Hastings Masters 2011-12"]
[Site "Hastings ENG"]
[Date "2011.12.30"]
[Round "3.4"]
[White "Edouard, Romain"]
[Black "Das, Arghyadip"]
[Result "1/2-1/2"]
[WhiteElo "2621"]
[BlackElo "2470"]
[PlyCount "130"]
[EventDate "2011.12.28"]

1. d4 d5 2. c4 e6 3. Nf3 c6 4. e3 Nf6 5. Bd3 a6 6. b3 c5 7. O-O Nc6 8. Bb2 cxd4
9. exd4 Be7 10. a3 b6 11. Qc2 dxc4 12. bxc4 Bb7 13. Re1 O-O 14. Nc3 Rc8 15. d5
exd5 16. Nxd5 Nxd5 17. Bxh7+ Kh8 18. Qf5 Nd4 19. Bxd4 Rxc4 20. Be5 Bc8 21. Qd3
b5 22. Nd2 Rh4 23. Bf5 Bxf5 24. Qxf5 Nf6 25. Rad1 Qc8 26. Qf3 Ra4 27. Bb2 Qc2
28. Ba1 Rxa3 29. Qf4 Ra4 30. Qe5 Bd8 31. Nf3 Kg8 32. Nd4 Qc7 33. Qg5 Nh7 34.
Qd5 Bf6 35. Nf5 Rxa1 36. Rxa1 Bxa1 37. Rxa1 Rd8 38. Qf3 Qe5 39. Rc1 Nf6 40. g3
b4 41. Ne3 a5 42. Qb7 Qb8 43. Qa6 Qa8 44. Qb5 Rb8 45. Qe5 Re8 46. Qb5 Rb8 47.
Qe5 b3 48. Ra1 a4 49. Rxa4 Qxa4 50. Qxb8+ Kh7 51. Qe5 Qc6 52. Qb2 Qb5 53. Qb1+
Kg8 54. Nd1 Qc4 55. Nb2 Qc3 56. Na4 Qb4 57. Nb2 Qc3 58. Nd1 Qc2 59. Qa1 Ne4 60.
Qd4 g6 61. Nb2 Nc3 62. Qd8+ Kg7 63. Qd4+ Kg8 64. Qd8+ Kg7 65. Qd4+ Kg8 1/2-1/2

[Event "Hastings Masters 2011-12"]
[Site "Hastings ENG"]
[Date "2011.12.30"]
[Round "3.5"]
[White "Lakshmi, Sahiti P"]
[Black "Vovk, Yuri"]
[Result "0-1"]
[WhiteElo "2110"]
[BlackElo "2571"]
[PlyCount "70"]
[EventDate "2011.12.28"]

1. e4 e5 2. Nf3 Nc6 3. Bb5 a6 4. Ba4 Nf6 5. O-O Be7 6. Re1 b5 7. Bb3 d6 8. c3
O-O 9. d4 Bg4 10. Be3 exd4 11. cxd4 d5 12. e5 Ne4 13. Nc3 Nxc3 14. bxc3 f5 15.
Bc2 f4 16. Bc1 Qd7 17. a4 b4 18. c4 Be6 19. cxd5 Bxd5 20. e6 Qd6 21. Ne5 Nxe5
22. Rxe5 f3 23. Bh6 b3 24. Bb1 Rf6 25. Bc1 Rxe6 26. Ba3 Qd8 27. Qd3 Rxe5 28.
Qxh7+ Kf8 29. dxe5 Bxa3 30. Rxa3 Qg5 31. Qf5+ Qxf5 32. Bxf5 Re8 33. gxf3 Rxe5
34. Bd3 Re1+ 35. Kg2 a5 0-1

[Event "Hastings Masters 2011-12"]
[Site "Hastings ENG"]
[Date "2011.12.30"]
[Round "3.6"]
[White "Pert, Nicholas"]
[Black "Anwesh, Upadhyaya"]
[Result "1/2-1/2"]
[WhiteElo "2563"]
[BlackElo "2413"]
[PlyCount "90"]
[EventDate "2011.12.28"]

1. d4 Nf6 2. Nf3 d5 3. c4 e6 4. Nc3 c6 5. cxd5 exd5 6. Bg5 Be7 7. e3 Bf5 8.
Bxf6 Bxf6 9. Bd3 Bxd3 10. Qxd3 O-O 11. b4 a6 12. O-O Nd7 13. a4 b5 14. a5 Be7
15. Rab1 Bd6 16. Ne2 Qe7 17. Qb3 Nf6 18. Nc1 Ne4 19. Nd3 f6 20. Rfc1 Qd7 21.
Rb2 Rfc8 22. Nd2 Ng5 23. Rbc2 Kh8 24. Rc3 Rc7 25. Qd1 Bf8 26. Qc2 Rac8 27. Nb3
Qg4 28. Nbc5 Ra8 29. Nf4 Nf3+ 30. Kh1 Bxc5 31. Rxc5 Nxd4 32. Qd3 Ne6 33. Nxe6
Qxe6 34. Rxd5 cxd5 35. Rxc7 Rd8 36. h3 Qe5 37. Rc6 h6 38. Rxa6 Qb2 39. Qf5 Qxb4
40. Rxf6 Qxa5 41. Rf8+ Rxf8 42. Qxf8+ Kh7 43. Qf5+ Kh8 44. Qf8+ Kh7 45. Qf5+
Kh8 1/2-1/2

[Event "Hastings Masters 2011-12"]
[Site "Hastings ENG"]
[Date "2011.12.30"]
[Round "3.7"]
[White "Vovk, Andrey"]
[Black "Godard, Maxence"]
[Result "0-1"]
[WhiteElo "2551"]
[BlackElo "2333"]
[PlyCount "98"]
[EventDate "2011.12.28"]

1. e4 c6 2. d4 d5 3. e5 Bf5 4. Nf3 e6 5. Be2 Nd7 6. O-O Bg6 7. Nbd2 Nh6 8. Nb3
Nf5 9. Ne1 c5 10. c3 a6 11. g3 Be7 12. Ng2 Rc8 13. Nf4 cxd4 14. cxd4 Qb6 15. h4
Nh6 16. Nd3 O-O 17. Bg5 Bxg5 18. hxg5 Nf5 19. Nf4 Rc7 20. Ng2 a5 21. g4 Ne7 22.
Rc1 Rxc1 23. Qxc1 Rc8 24. Qd1 a4 25. Nc1 Nc6 26. Qxa4 Qxd4 27. Qb5 Qa7 28. Kh2
Ndxe5 29. Nb3 Nd7 30. f4 Be4 31. Bf3 Bxf3 32. Rxf3 Qb6 33. Qe2 g6 34. f5 Nde5
35. Rc3 Qd8 36. f6 d4 37. Rc5 d3 38. Qd1 b6 39. Rc3 Qd6 40. Kh3 Rd8 41. Nd2 Qd4
42. Kg3 Nb4 43. Rb3 Nd5 44. Nf1 h6 45. gxh6 g5 46. a3 Rc8 47. h7+ Kxh7 48. Nd2
Kg6 49. Rb5 Rc2 0-1

[Event "Hastings Masters 2011-12"]
[Site "Hastings ENG"]
[Date "2011.12.30"]
[Round "3.8"]
[White "Williams, Simon K"]
[Black "Knott, Simon J B"]
[Result "1-0"]
[WhiteElo "2513"]
[BlackElo "2332"]
[PlyCount "111"]
[EventDate "2011.12.28"]

1. c4 Nf6 2. Nc3 d5 3. cxd5 Nxd5 4. Nf3 g6 5. Qc2 Bg7 6. e4 Nb6 7. d4 O-O 8.
Be3 Bg4 9. Ne5 Bxe5 10. dxe5 Nc6 11. h3 Be6 12. Rd1 Qc8 13. Be2 Rd8 14. O-O Nc4
15. Rxd8+ Qxd8 16. Rd1 Qf8 17. Bc1 Rd8 18. Nd5 Nb6 19. Qc5 Na4 20. Qa3 Nb6 21.
Qc5 Na4 22. Qb5 Nb6 23. Bf4 Rd7 24. b3 Qd8 25. Bf3 Nb8 26. Qc5 Kg7 27. Kh2 Na6
28. Qc3 c6 29. Ne3 Rxd1 30. Nxd1 c5 31. Be3 Qc7 32. Be2 c4 33. Bxb6 Qxb6 34.
Bxc4 Nc5 35. Bd5 a5 36. Ne3 a4 37. Qd4 axb3 38. axb3 Nd7 39. Qxb6 Nxb6 40. Bxe6
fxe6 41. f4 Nd7 42. b4 b5 43. Nc2 Nb8 44. Kg3 Nc6 45. Kf3 h6 46. Ke3 g5 47. g3
Kg6 48. Nd4 gxf4+ 49. gxf4 Nxb4 50. Nxe6 Nc2+ 51. Kd2 Na3 52. Kc3 Nb1+ 53. Kb4
Nd2 54. f5+ Kh5 55. Ng7+ Kg5 56. h4+ 1-0

[Event "Hastings Masters 2011-12"]
[Site "Hastings ENG"]
[Date "2011.12.30"]
[Round "3.9"]
[White "Eames, Robert S"]
[Black "Holzke, Frank"]
[Result "1/2-1/2"]
[WhiteElo "2241"]
[BlackElo "2506"]
[PlyCount "101"]
[EventDate "2011.12.28"]

1. e4 e5 2. Nf3 Nc6 3. Nc3 Nf6 4. Bb5 Bd6 5. g4 O-O 6. g5 Nh5 7. d3 g6 8. Rg1
Bb4 9. Bd2 Bxc3 10. bxc3 f5 11. Qe2 fxe4 12. dxe4 d6 13. O-O-O Qe8 14. Nh4 Kh8
15. Be3 Qf7 16. Bc4 Be6 17. Bd5 Bxd5 18. exd5 Ne7 19. c4 Nf4 20. Qd2 b5 21. Rg4
bxc4 22. Bxf4 exf4 23. Qd4+ Kg8 24. Ng2 Qf5 25. f3 Rf7 26. Nxf4 c5 27. Qc3 Rb8
28. h4 Nc8 29. h5 Qe5 30. Qxe5 dxe5 31. Ne6 Nd6 32. hxg6 hxg6 33. Rh1 Nf5 34.
Rxc4 Nd4 35. Nxd4 cxd4 36. Rc6 Rxf3 37. Rxg6+ Kf7 38. Ra6 e4 39. Rxa7+ Kg6 40.
Re7 d3 41. Rxe4 Rf2 42. cxd3 Rxa2 43. Re6+ Kxg5 44. Rg1+ Kf5 45. Rf1+ Kg5 46.
Rff6 Rbb2 47. Rb6 Rh2 48. Rf1 Ra1+ 49. Rb1 Raa2 50. Rb8 Ra1+ 51. Rb1 1/2-1/2

[Event "Hastings Masters 2011-12"]
[Site "Hastings ENG"]
[Date "2011.12.30"]
[Round "3.10"]
[White "Massoni, Michael"]
[Black "Shyam, Nikil P"]
[Result "0-1"]
[WhiteElo "2304"]
[BlackElo "2482"]
[PlyCount "136"]
[EventDate "2011.12.28"]

1. e4 c5 2. Nf3 d6 3. d4 cxd4 4. Nxd4 Nf6 5. Nc3 a6 6. Be2 e5 7. Nb3 Be7 8. O-O
O-O 9. Kh1 Nc6 10. f4 b5 11. a4 Bb7 12. Be3 b4 13. Nd5 Nxe4 14. Bb6 Qc8 15.
fxe5 dxe5 16. Na5 Bd6 17. Bg4 Qb8 18. Nxb7 Qxb7 19. Bf5 Ng5 20. Qg4 Ne7 21.
Nxe7+ Qxe7 22. Be3 Ne6 23. Rad1 Nf4 24. g3 Ne6 25. Qc4 a5 26. Bxe6 Qxe6 27.
Qxe6 fxe6 28. Kg2 Be7 29. Rd7 Rxf1 30. Kxf1 Kf8 31. Ke2 Rc8 32. Kd3 Bc5 33. Bd2
Bg1 34. h3 e4+ 35. Kxe4 Rxc2 36. Ke5 Rxb2 37. Kxe6 Bb6 38. Bf4 Re2+ 39. Be5 b3
40. Rf7+ Ke8 41. Re7+ Kd8 42. Rf7 Kc8 43. Kd5 Rd2+ 44. Kc4 b2 45. Rf1 g6 46.
Kb3 Rf2 47. Rb1 Bc7 48. Bxb2 Rf3+ 49. Kc4 Rxg3 50. Rh1 Kd7 51. Bc3 Kc6 52. Bb2
Rf3 53. Bc3 Bd8 54. Rh2 Bb6 55. Rh1 Bc7 56. h4 Rf4+ 57. Kb3 Rf3 58. Kc4 Rf4+
59. Kb3 Rf5 60. Rc1 Rc5 61. Re1 Rh5 62. Bf6 Rf5 63. Bg5 Rf3+ 64. Kc4 Ra3 65.
Re6+ Bd6 66. h5 Rxa4+ 67. Kc3 Kd5 68. Re8 gxh5 0-1

[Event "Hastings Masters 2011-12"]
[Site "Hastings ENG"]
[Date "2011.12.30"]
[Round "3.11"]
[White "Bremner, Adam"]
[Black "Pert, Richard G"]
[Result "1/2-1/2"]
[WhiteElo "2195"]
[BlackElo "2455"]
[PlyCount "34"]
[EventDate "2011.12.28"]

1. e4 g6 2. Nf3 Bg7 3. d4 c6 4. Bd3 d5 5. e5 c5 6. c3 Nc6 7. O-O Bg4 8. Be3 f6
9. exf6 Nxf6 10. Be2 O-O 11. Ne5 Bxe2 12. Nxc6 Bxd1 13. Nxd8 Raxd8 14. Rxd1
cxd4 15. Bxd4 b6 16. Nd2 Ng4 17. Bxg7 Kxg7 1/2-1/2

[Event "Hastings Masters 2011-12"]
[Site "Hastings ENG"]
[Date "2011.12.30"]
[Round "3.12"]
[White "Flear, Glenn C"]
[Black "Franklin, Samuel G A"]
[Result "0-1"]
[WhiteElo "2472"]
[BlackElo "2179"]
[PlyCount "70"]
[EventDate "2011.12.28"]

1. d4 Nf6 2. c4 g6 3. Nc3 Bg7 4. e4 d6 5. Be2 O-O 6. Bg5 Na6 7. Qd2 e5 8. d5
Qe8 9. Bd1 Bd7 10. Nge2 Nh5 11. Bc2 f5 12. exf5 gxf5 13. O-O Nf6 14. Rae1 Qg6
15. f3 Nb4 16. Bb1 a5 17. Kh1 Na6 18. g4 h5 19. gxf5 Bxf5 20. Rg1 Bxb1 21. Rxb1
Kh8 22. Rg3 Nc5 23. Rbg1 Rf7 24. Nc1 Re8 25. Qg2 Qh7 26. Nb3 Nd3 27. Nxa5 e4
28. Bxf6 Bxf6 29. Nxe4 Bh4 30. Ng5 Bxg3 31. hxg3 Qf5 32. Nxf7+ Qxf7 33. f4 Qf5
34. Nb3 Re2 35. Nd4 Nf2+ 0-1

[Event "Hastings Masters 2011-12"]
[Site "Hastings ENG"]
[Date "2011.12.30"]
[Round "3.13"]
[White "Shyam, Sundar M"]
[Black "Martinsen, Stig K"]
[Result "1-0"]
[WhiteElo "2462"]
[BlackElo "2145"]
[PlyCount "106"]
[EventDate "2011.12.28"]

1. d4 Nf6 2. c4 e6 3. g3 d5 4. Nf3 dxc4 5. Bg2 Nc6 6. O-O Rb8 7. Bg5 Be7 8. e3
b5 9. Qe2 O-O 10. Bxf6 Bxf6 11. Rd1 Qe7 12. Nc3 Rd8 13. Ne4 Bd7 14. b3 Na5 15.
Qe1 b4 16. bxc4 Nxc4 17. Rdc1 Bb5 18. g4 g6 19. Nxf6+ Qxf6 20. Qxb4 Bc6 21.
Qxc4 Bxf3 22. Qxc7 Bxg4 23. Qg3 Bh5 24. Rc7 Rb5 25. h4 e5 26. Rc6 Qe7 27. d5
Ra5 28. e4 Ra3 29. Rc3 Rxc3 30. Qxc3 Rb8 31. Rc1 Re8 32. Qc6 Rd8 33. Qc7 Rd7
34. Qb8+ Kg7 35. Rc8 Qxh4 36. Qxe5+ Kh6 37. Qd4 Qg5 38. Rc3 f6 39. Rg3 Qf4 40.
Qe3 Qxe3 41. Rxe3 Kg5 42. a4 Kf4 43. Rc3 f5 44. exf5 Kxf5 45. Kh2 g5 46. Kg3
Ke5 47. Re3+ Kd4 48. Re4+ Kc5 49. Re5 h6 50. Re6 Rd6 51. Re7 a6 52. f4 Bg6 53.
a5 Bd3 1-0

[Event "Hastings Masters 2011-12"]
[Site "Hastings ENG"]
[Date "2011.12.30"]
[Round "3.14"]
[White "Almond, Richard J"]
[Black "Demuth, Adrien"]
[Result "1/2-1/2"]
[WhiteElo "2115"]
[BlackElo "2442"]
[PlyCount "88"]
[EventDate "2011.12.28"]

1. d4 Nf6 2. c4 g6 3. Nf3 Bg7 4. Nc3 O-O 5. e4 d6 6. Be2 e5 7. O-O Na6 8. Re1
c6 9. Bf1 exd4 10. Nxd4 Qb6 11. Nb3 Ng4 12. Re2 Be6 13. Rd2 Rad8 14. Nd4 Bc8
15. h3 Ne5 16. b3 Nc5 17. Bb2 Rfe8 18. Qc2 Na6 19. Na4 Qc7 20. Re1 Nc5 21. b4
Nxa4 22. Qxa4 Qe7 23. Qb3 c5 24. Nb5 a6 25. Na3 cxb4 26. Nc2 a5 27. Nd4 Nd7 28.
Nb5 Nc5 29. Qc2 Be5 30. Rdd1 b6 31. Bc1 Bb7 32. Bd3 Bc6 33. f4 Bg7 34. Be3 Qb7
35. Bxc5 dxc5 36. e5 Bf8 37. Qe2 Bh6 38. Qf1 Bxb5 39. cxb5 Rd4 40. f5 Red8 41.
e6 fxe6 42. fxg6 hxg6 43. Rxe6 Qf7 44. Rf6 Qg7 1/2-1/2

[Event "Hastings Masters 2011-12"]
[Site "Hastings ENG"]
[Date "2011.12.30"]
[Round "3.15"]
[White "Simacek, Pavel"]
[Black "McKenna, Jason P"]
[Result "1-0"]
[WhiteElo "2448"]
[BlackElo "2110"]
[PlyCount "47"]
[EventDate "2011.12.28"]

1. b3 Nf6 2. Bb2 e6 3. f4 b6 4. Nf3 Bb7 5. e3 Be7 6. Be2 c5 7. O-O O-O 8. Qe1
d6 9. Qg3 Nbd7 10. d3 Qc7 11. c4 Rfe8 12. Nc3 Bf8 13. e4 d5 14. e5 Nh5 15. Qh4
g6 16. Ng5 h6 17. Nxf7 Kxf7 18. Bxh5 gxh5 19. Nb5 Qc6 20. Rf3 Bg7 21. Rg3 Kg8
22. f5 Kh7 23. Qxh5 exf5 24. cxd5 1-0

[Event "Hastings Masters 2011-12"]
[Site "Hastings ENG"]
[Date "2011.12.30"]
[Round "3.16"]
[White "Houska, Jovanka"]
[Black "Duff, Rufus"]
[Result "1-0"]
[WhiteElo "2415"]
[BlackElo "2088"]
[PlyCount "79"]
[EventDate "2011.12.28"]

1. d4 d5 2. Nf3 Nf6 3. c4 c6 4. e3 e6 5. Bd3 Nbd7 6. b3 dxc4 7. bxc4 e5 8. Qc2
exd4 9. exd4 Bb4+ 10. Nbd2 Qe7+ 11. Be2 Ne4 12. O-O Nxd2 13. Bxd2 Bxd2 14. Qxd2
O-O 15. d5 Qd6 16. dxc6 Qxc6 17. Nd4 Qf6 18. Nb5 Nc5 19. Nc7 Rb8 20. Nd5 Qd6
21. Bf3 Bd7 22. Rfe1 Kh8 23. h3 b6 24. Rad1 Rfe8 25. Qc3 Rxe1+ 26. Rxe1 Re8 27.
Rd1 Ba4 28. Rd4 Qe5 29. g3 Qe1+ 30. Qxe1 Rxe1+ 31. Kg2 g6 32. Nc3 Re7 33. Rd8+
Kg7 34. Rc8 Bd7 35. Ra8 Be6 36. Bd5 Bf5 37. g4 Bd3 38. Nb5 a6 39. Nd6 g5 40.
Rb8 1-0

[Event "Hastings Masters 2011-12"]
[Site "Hastings ENG"]
[Date "2011.12.30"]
[Round "3.17"]
[White "Roubaud, Alexandre"]
[Black "Arkell, Keith C"]
[Result "0-1"]
[WhiteElo "2086"]
[BlackElo "2418"]
[PlyCount "74"]
[EventDate "2011.12.28"]

1. e4 c6 2. Nc3 d5 3. Qe2 d4 4. Nd1 e5 5. g3 c5 6. d3 Nc6 7. Bg2 Bd6 8. Nf3
Nge7 9. O-O O-O 10. Nh4 f5 11. f4 exf4 12. gxf4 g6 13. e5 Bc7 14. c4 dxc3 15.
bxc3 Be6 16. Nf3 b5 17. Ne3 h6 18. Bb2 Rb8 19. Rfd1 Bb6 20. Kh1 b4 21. d4 bxc3
22. Bxc3 cxd4 23. Nc2 Nd5 24. Bxd4 Nxd4 25. Nfxd4 Nc3 26. Qf3 Nxd1 27. Rxd1
Bxd4 28. Nxd4 Bxa2 29. Qc6 Rb6 30. Qc2 Bd5 31. Nf3 Bb3 32. Rxd8 Bxc2 33. Rd7
Rf7 34. Rd2 Be4 35. h3 Kg7 36. Kh2 Bxf3 37. Bxf3 g5 0-1

[Event "Hastings Masters 2011-12"]
[Site "Hastings ENG"]
[Date "2011.12.30"]
[Round "3.18"]
[White "Roy Chowdhury, Saptarshi"]
[Black "Barton, R Alan"]
[Result "1-0"]
[WhiteElo "2411"]
[BlackElo "2073"]
[PlyCount "47"]
[EventDate "2011.12.28"]

1. e4 b6 2. d4 Bb7 3. Bd3 e6 4. Nf3 c5 5. O-O cxd4 6. Nxd4 Nc6 7. Nxc6 Bxc6 8.
c4 Rc8 9. Nc3 Bd6 10. Qe2 Ne7 11. e5 Bb8 12. Bg5 Qc7 13. f4 h6 14. Bh4 g5 15.
Bg3 gxf4 16. Bxf4 Rg8 17. Rf2 Ng6 18. Bxg6 Rxg6 19. Raf1 Qb7 20. Bg3 Kd8 21.
Rxf7 Kc7 22. Qd3 Rcg8 23. Qd6+ Kd8 24. Rf8+ 1-0